000 00944cam a22003011 4500
001 2644095
003 ARRUPE
005 20150227122834.0
008 850514s1962 ne a b 000 0 eng c
010 _a 63003695 /L/r90
035 _a(OCoLC)ocm00531799
035 _a(NNC)2644095
040 _aDLC/ICU
_cCGU
_dDLC
_dZCU
050 0 0 _aQC176
_b.M4
082 0 0 _a539
090 _aQC174.5
_b.M47
100 1 _aMeijer, Paul Herman Ernst,
_d1921-
_915426
245 1 0 _aGroup theory;
_bthe application to quantum mechanics
_c[by] Paul H.E. Meijer [and] Edmond Bauer.
260 _aAmsterdam,
_bNorth-Holland Pub. Co.;
_aNew York,
_bInterscience,
_c1962.
300 _a288 p.
_billus.
_c24 cm.
440 _aSeries in Physics
_915614
504 _aIncludes bibliography.
650 0 _aSolid state physics
_915427
650 0 _aGroup theory.
_914244
700 1 _aBauer, Edmond,
_eauthor.
_915428
942 _2lcc
_cMONOGRAPH
999 _c122147
_d122147